000 00542nam a22001937a 4500
999 _c2345
_d2345
005 20201104130549.0
008 201104b ||||| |||| 00| 0 eng d
020 _a9781292082103
040 _cKABLIB
082 _223
_a330
_bECO
245 _aEconomis for Business /
_cJohn Sloman ...etal
250 _a7th ed .:
260 _aEngland :
_bPearson ,
_cc2013.
300 _axiii,638p.:ill.(som.col.);
_c27cm
500 _aincludes:index (many pages )
650 _abusiness
_96416
700 _aSloman,John
_beditor
_96417
942 _2ddc
_cBOOK